Semblanza de una genealogía : artistas plásticas en el período posrevolucionario /

Uloženo v:
Podrobná bibliografie
Hlavní autor: Villegas Morales, Gladys (autor)
Médium: Kniha
Jazyk:španělština
Vydáno: México : Universidad Veracruzana, 2010, c2010
Edice:(Biblioteca Universidad Veracruzana)
Témata:
Tagy: Přidat tag
Žádné tagy, Buďte první, kdo vytvoří štítek k tomuto záznamu!

MARC

LEADER 00000nam^a2200000^a^4500
001 000303734
005 20250521000000.0
009 20260310112658.256
020 |a 978-607-7605-90-4 
037 |a Acervo ITESO - Biblioteca 
041 |a ESP 
082 |a 709. 7206  |b VIL 
100 |a Villegas Morales, Gladys  |e (autor) 
245 1 0 |a Semblanza de una genealogía :  |b artistas plásticas en el período posrevolucionario /  |c G. Villegas Morales. 
264 4 |a México :  |b Universidad Veracruzana,  |c 2010, c2010 
300 |a 213 p. 
336 |a texto  |b txt  |2 rdacontenido 
337 |a sin mediación  |b n  |2 rdamedio 
338 |a volumen  |b nc  |2 rdasoporte 
440 1 |a (Biblioteca Universidad Veracruzana) 
586 |a Premio Nacional de Ciencias y Artes, categoría Bellas Artes (41°: 1990): Biografías, crítica e interpretación 
586 |a Premio Nacional de Ciencias y Artes, categoría Bellas Artes (56°: 2005), ex aequo: Biografías, crítica e interpretación 
649 |a XX 
650 |a Pintores Jaliscienses -  |x Biografías 
650 |a Pintores Mexicanos -  |x Biografías 
650 |a Pintores Españoles -  |x Biografías 
650 |a Pintores Ingleses -  |x Biografías 
650 |a Fotógrafos Jaliscienses -  |x Biografías 
650 |a Fotógrafos Mexicanos -  |x Biografías 
650 |a Fotógrafos Italianos -  |x Biografías 
650 |a Artistas Jaliscienses -  |x Biografías 
650 |a Artistas Mexicanos -  |x Biografías -  |x Tema Principal 
650 |a Artistas Españoles -  |x Biografías 
650 |a Artistas Ingleses -  |x Biografías 
650 |a Artistas Italianos -  |x Biografías 
650 |a Mujeres en el Arte -  |z México -  |x Historia y Crítica -  |x Tema Principal 
650 |a Mujeres Jaliscienses -  |x Biografías 
650 |a Mujeres Mexicanas -  |x Biografías -  |x Tema Principal 
650 |a Mujeres Españolas -  |x Biografías 
650 |a Mujeres Inglesas -  |x Biografías 
650 |a Mujeres Italianas -  |x Biografías 
650 |a Artistas Mexicanos -  |x Tema Principal 
650 |a Nacionalismo en la Pintura -  |z México -  |x Historia y Crítica 
650 |a Nacionalismo en el Arte -  |z México -  |x Historia y Crítica 
650 |a Surrealismo -  |z México -  |x Historia y Crítica 
650 |a Pintura Moderna -  |z México -  |x Historia y Crítica 
650 |a Pintura Moderna -  |x Historia y Crítica 
650 |a Pintura Mexicana -  |x Historia y Crítica 
650 |a Pintura Mexicana -  |y Siglo XX 
650 |a Fotografía Mexicana -  |x Historia y Crítica 
650 |a Fotografía Mexicana -  |y Siglo XX 
650 |a Arte Moderno -  |z México -  |x Historia y Crítica -  |x Tema Principal 
650 |a Arte Moderno -  |x Historia y Crítica 
650 |a Arte y Sociedad -  |z México -  |x Historia y Crítica 
650 |a Arte Mexicano -  |x Historia y Crítica 
650 |a Arte Mexicano -  |y Siglo XX -  |x Tema Principal 
650 |a México -  |x Historia -  |y Siglo XX 
650 |a Carrington, Leonora 
650 |a Costa, Olga 
650 |a Izquierdo, María 
650 |a Kahlo, Frida 
650 |a Reyes, Aurora 
650 |a Varo, Remedios 
600 |a Alvarez Bravo, Lola 
600 |a Modotti, Tina 
600 |a Nahui Olin 
910 |a Fondo General 
920 |a Impresos - Libros 
930 |a Colección General 
905 |a 101 
901 |a 0500190006  |b IT1  |c ACC  |i C124492  |u 20250521 
902 |a https://opac.biblio.iteso.mx/vufind/Record/000303734